00680 a2200193 4500999001900000005001700019010001500036020003100051035001400082037001300096082001400109100001500123245005500138260003100193270008400224300002200308942003300330952012300363 c183407d18340720211224120456.0 aENG-130597 a978-93-91211-02-8c2995.00 aEN-114129 bDBAD/PUB a345.40822 aSingh, G P aPrinciples of Statutory Interpretation:cG P Singh aHaryanabLexis Nexisc2021 a14th Floor, Building No. 10, Tower-B, DLF Cyber City, Phase-IIbGurgaone122002 a854p.c24cm (hbk) adplcEN2ddch345.40822mSIN 001040708REFaLbLd2021-12-24eDBAD/PUBg2995.00l0o345.40822 SINpEN-114129r2021-12-24 00:00:00t1v2995.00yEN